MARC

LEADER 00000nam0a2200000 4500
001 335602
005 20231102004753.0
035 |a (RuTPU)RU\TPU\book\361999 
090 |a 335602 
100 |a 20170928d1968 k y0rusy50 ca 
101 0 |a rus 
102 |a RU 
105 |a y z 001zy 
200 1 |a О причинах спадов тока на поляризационных кривых, исправленных на ток фона  |e отдельный оттиск  |f Л. Г. Феоктистов [и др.] 
210 |a Москва  |c [Б. и.]  |d 1968 
215 |a 4 с. 
225 1 |a Электрохимия  |v Т. 4, вып. 5 
320 |a Библиогр. в конце ст. 
606 1 |a Электрохимия  |2 stltpush  |3 (RuTPU)RU\TPU\subj\21014  |9 46066 
610 1 |a электрохимические процессы 
610 1 |a электродные процессы 
610 1 |a поляризационные кривые 
610 1 |a электроды 
610 1 |a поляризационный ток 
610 1 |a поляризация 
610 1 |a оттиски 
610 1 |a библиотека А. Г. Стромберга 
675 |a 544.6  |v 4 
701 1 |a Феоктистов  |b Л. Г. 
701 1 |a Гольдин  |b М. М. 
701 1 |a Гирина  |b Г. П. 
701 1 |a Филиновский  |b В. Ю. 
801 1 |a RU  |b 63413507  |c 20170928 
801 2 |a RU  |b 63413507  |c 20171215  |g RCR 
942 |c BK